Cinco diálogos de Platón (Record no. 162254)
[ view plain ]
| 000 -LEADER | |
|---|---|
| campo de control de longitud fija | 00721nam a22001815i 4500 |
| 001 - NÚMERO DE CONTROL | |
| campo de control | 162254 |
| 003 - IDENTIFICADOR DE NÚMERO DE CONTROL | |
| campo de control | ES-MaACL |
| 005 - FECHA Y HORA DE LA ÚLTIMA TRANSACCIÓN | |
| campo de control | 20230906212449.0 |
| 008 - DATOS DE LONGITUD FIJA--INFORMACIÓN GENERAL | |
| campo de control de longitud fija | 960201s1880 sp |||| | spa d |
| 040 ## - FUENTE DE CATALOGACIÓN | |
| Centro catalogador/agencia de origen | CLM |
| Lengua de catalogación | spa |
| Centro/agencia transcriptor | CCPB | SIC |
| 100 0# - ENTRADA PRINCIPAL--NOMBRE DE PERSONA | |
| Nombre de persona | Platón. |
| 9 (RLIN) | 92598 |
| 245 10 - MENCIÓN DEL TÍTULO | |
| Título | Cinco diálogos de Platón |
| Resto del título | : el convite, el entifron, La apología de Sócrates, el critón, el fedón / |
| Mención de responsabilidad, etc. | traducidos... del griego con argumentos y notas por Anacleto Longué y Molpeceres. |
| 260 ## - PUBLICACIÓN, DISTRIBUCIÓN, ETC. | |
| Lugar de publicación, distribución, etc. | Madrid : |
| Nombre del editor, distribuidor, etc. | [s.n.], |
| Fecha de publicación, distribución, etc. | 1880 ( |
| Fabricante | Imprenta y Fundición de M. Tello) |
| 300 ## - DESCRIPCIÓN FÍSICA | |
| Extensión | 378 p. ; |
| Dimensiones | 20 cm. |
| 700 21 - ENTRADA AGREGADA--NOMBRE PERSONAL | |
| Nombre de persona | Longué y Molpeceres, Anacleto, |
| Término indicativo de función/relación | |
| 9 (RLIN) | 129049 |
| 852 ## - LOCALIZACIÓN | |
| Ubicación | ES-MaACL |
| Número de control de estantería | F-8516 |
| Nota libre | -- Enc. pasta española |
| Estatus retirado | Estado de pérdida | Estado de daño | No para préstamo | Colección | Biblioteca de origen | Biblioteca actual | Ubicación en estantería | Fecha de adquisición | Fuente de adquisición | Total de préstamos | Signatura topográfica completa | Código de barras | Visto por última vez | Precio de reemplazo | Tipo de ítem Koha |
|---|---|---|---|---|---|---|---|---|---|---|---|---|---|---|---|
| Libros del s. XIX | Biblioteca del Ateneo de Madrid | Biblioteca del Ateneo de Madrid | Sala Pecera Planta 2 | 17/01/2008 | F-8516 | 1169983 | 23/02/2023 | 23/02/2023 | Libro impreso antiguo |
